000 00755nam a2200241Ia 4500
003 GCL
008 140319s9999 xx 000 0 ara d
020 _a1416002977
040 _aGCL /
_cGCL
082 0 4 _aط
_b001.2
_bد ك
100 1 _aراجى عنايت
245 1 0 _aكتابك الاول عن : العرائس /
_cراجى عنايت
700 1 _aمحمد صابر سليم
700 1 _aجاجندورف ، موريتز
250 _aالثالثة
260 _aالقاهرة :
_bدار المعارف ،
_c1993
300 _a66 ص ؛
_c24 ص
490 _aكتابك الاول عن
_v13
650 0 4 _aلعب الاطفال
650 0 4 _aالدمى - ملابس
650 0 4 _aلعب الاطفال - تصميم
942 _2ddc
_cBK
999 _c29071
_d29071